Catálogo público

Normal view MARC view

Entry Nombre personal

Number of records used in: 5

001 - NÚMERO DE CONTROL

  • campo de control: 161733

003 - IDENTIFICADOR DEL NÚMERO DE CONTROL

  • campo de control: OSt

005 - FECHA Y HORA DE LA ÚLTIMA TRANSACCIÓN

  • campo de control: 20230303090914.0

008 - DATOS DE LONGITUD FIJA

  • campo de control de longitud fija: 220127|| aca||aabn | a|a d

040 ## - FUENTE DE LA CATALOGACIÓN

  • Centro catalogador/agencia de origen: mxchpua
  • Centro/agencia transcriptor: CHAP

100 1# - ENCABEZAMIENTO-NOMBRE DE PERSONA

  • Nombre de persona: Allende Baltazar, Israel

374 ## - OCUPACIÓN

  • Ocupación: Alumno del DIA

670 ## - FUENTE DE DATOS ENCONTRADOS

  • Cita de la fuente: Work cat.: (OSt)177631: Ramayo Ramírez, José Orlando 93820, Introducción a la agroindustria, con fase de campo en los estados de México, Querétaro, Guanajuato, Aguascalientes, Jalisco, Nayarit y Sinaloa /, 2018